[Event "75th ch-ARM 1st League 2014"]
[Site "Yerevan ARM"]
[Date "2014.09.02"]
[Round "12.7"]
[White "Mikaelyan, Arman"]
[Black "Alaverdyan, Gevorg"]
[Result "1/2-1/2"]
[BlackTitle "FM"]
[WhiteElo "2327"]
[BlackElo "2369"]
[WhiteFideId "13304852"]
[BlackFideId "13303058"]
[EventDate "2014.08.21"]

1. Nf3 d5 2. d4 Nf6 3. c4 c6 4. Nc3 e6 5. e3 Nbd7 6. Qc2 Bd6 7. Bd3 O-O 8. O-O
dxc4 9. Bxc4 b5 10. Bd3 Bb7 11. Ng5 Bxh2+ 12. Kxh2 Ng4+ 13. Kg1 Qxg5 14. f3 Ngf6
15. e4 Qh4 16. Be3 e5 17. Ne2 Nh5 18. Qd2 h6 19. b4 Rfe8 20. Bf2 Qg5 21. Qxg5
hxg5 22. d5 cxd5 23. Bxb5 Red8 24. exd5 Bxd5 25. Rfd1 Ndf6 26. Nc3 a6 27. Bf1
Nf4 28. Bb6 Rdc8 29. Bc5 Bc6 30. Rac1 g4 31. Kf2 gxf3 32. gxf3 a5 33. a3 axb4
34. axb4 N4d5 35. Rd2 Nxc3 36. Rxc3 e4 37. Be2 exf3 38. Bxf3 Ne4+ 39. Bxe4 Bxe4
40. Rg3 Ra6 41. Bd4 Rg6 42. Rxg6 Bxg6 43. b5 Rc2 44. Rxc2 Bxc2 45. Ke3 Ba4 46.
b6 Bc6 47. Kf4 f6 48. Kg4 Kf7 49. Kf4 Bb7 50. Kg4 Kg6 51. Bc3 Bc8+ 52. Kf4 Kh5
53. Bxf6 gxf6 54. b7 Bxb7 55. Kf5 1/2-1/2

[Event "75th ch-ARM 1st League 2014"]
[Site "Yerevan ARM"]
[Date "2014.09.03"]
[Round "13.1"]
[White "Poghosyan, Suren"]
[Black "Vardanian, Haik G."]
[Result "1/2-1/2"]
[WhiteTitle "FM"]
[BlackTitle "FM"]
[WhiteElo "2284"]
[BlackElo "2314"]
[WhiteFideId "13303201"]
[BlackFideId "13303562"]
[EventDate "2014.08.21"]

1. d4 Nf6 2. c4 d6 3. Nc3 Nc6 4. d5 Ne5 5. f4 Ng6 6. e4 e5 7. f5 Ne7 8. Bg5 Neg8
9. Nge2 Be7 10. Be3 g6 11. Ng3 h5 12. Bd3 Ng4 13. Bg1 N8h6 14. Qf3 h4 15. Nf1
Bg5 16. Rd1 Qe7 17. Nd2 Bd7 18. Nb5 O-O 19. h3 Nf6 20. Be3 Bxe3 21. Qxe3 Kg7 22.
Nxc7 Rac8 23. Nb5 Bxb5 24. cxb5 Nh5 25. O-O Nf4 26. Nf3 g5 27. Nh2 Rc5 28. Rf2
Rfc8 29. Bf1 b6 30. Qe1 Qc7 31. b3 Rc3 32. Kh1 Rg3 33. Rf3 Qc2 34. Rd2 Qc1 35.
Rd1 Qc2 36. Rd2 1/2-1/2

[Event "75th ch-ARM 1st League 2014"]
[Site "Yerevan ARM"]
[Date "2014.09.03"]
[Round "13.2"]
[White "Chibukhchian, Artur"]
[Black "Petrosian, Davit G."]
[Result "1/2-1/2"]
[WhiteTitle "GM"]
[BlackTitle "GM"]
[WhiteElo "2430"]
[BlackElo "2398"]
[WhiteFideId "13300717"]
[BlackFideId "13301349"]
[EventDate "2014.08.21"]

1. d4 Nf6 2. c4 g6 3. Nc3 Bg7 4. Nf3 O-O 5. Bg5 h6 6. Bf4 c5 7. d5 d6 8. h3 e5
9. dxe6 Bxe6 10. Bxd6 Re8 11. Bxc5 Qc8 12. Bd4 Bxc4 13. b3 Ba6 14. Rc1 Nc6 15.
e3 Bxf1 16. Kxf1 Qf5 17. g4 Qa5 18. Kg2 Rad8 19. Qd3 h5 1/2-1/2

[Event "75th ch-ARM 1st League 2014"]
[Site "Yerevan ARM"]
[Date "2014.09.03"]
[Round "13.3"]
[White "Martirosyan, Haik M."]
[Black "Mikaelyan, Arman"]
[Result "1/2-1/2"]
[WhiteTitle "FM"]
[WhiteElo "2328"]
[BlackElo "2327"]
[WhiteFideId "13306553"]
[BlackFideId "13304852"]
[EventDate "2014.08.21"]

1. c4 c6 2. Nf3 Nf6 3. Nc3 d5 4. e3 e6 5. b3 Nbd7 6. Qc2 Bd6 7. Bb2 O-O 8. Be2
e5 9. cxd5 Nxd5 10. Ne4 Qe7 11. Nxd6 Qxd6 12. a3 f5 13. d3 b6 14. Nd2 c5 15. Bf3
Bb7 16. O-O Kh8 17. Rac1 Rae8 18. Rfd1 N7f6 19. Qc4 Qe7 20. b4 cxb4 21. axb4 f4
22. Nf1 Rc8 23. Qb3 Rxc1 24. Bxc1 fxe3 25. fxe3 b5 26. Ng3 Rc8 27. Nf5 Qd7 28.
e4 Nc3 29. Rf1 Bd5 30. exd5 Qxf5 31. d6 Qxd3 32. Qe6 Qd4+ 33. Kh1 Rd8 34. Bb2
Qxb4 35. Qe7 Rg8 36. Bc1 e4 37. Bh5 Ncd5 38. Qe5 Qc4 39. Rd1 Qc3 40. Qe6 Qc2 41.
d7 Rf8 42. Qd6 Rd8 43. Bg5 h6 44. Rc1 Qf2 45. h3 Qf5 46. Bg4 Qxg5 47. Rc8 Nxg4
48. hxg4 Qh4+ 49. Kg1 Qe1+ 50. Kh2 Qh4+ 51. Kg1 Qe1+ 52. Kh2 Kh7 53. Rxd8 Qh4+
54. Kg1 Qe1+ 55. Kh2 Qh4+ 56. Kg1 Qe1+ 57. Kh2 Qh4+ 58. Kg1 1/2-1/2

[Event "75th ch-ARM 1st League 2014"]
[Site "Yerevan ARM"]
[Date "2014.09.03"]
[Round "13.4"]
[White "Gabuzyan, Hovhannes"]
[Black "Babujian, Levon"]
[Result "1-0"]
[WhiteTitle "GM"]
[BlackTitle "GM"]
[WhiteElo "2582"]
[BlackElo "2484"]
[WhiteFideId "13303732"]
[BlackFideId "13301993"]
[EventDate "2014.08.21"]

1. d4 Nf6 2. Nf3 g6 3. Bf4 Bg7 4. e3 O-O 5. c3 d6 6. h3 Nfd7 7. Bc4 Nc6 8. Nbd2
e5 9. Bh2 Kh8 10. O-O f5 11. b4 a6 12. Bd5 g5 13. Bxc6 bxc6 14. dxe5 dxe5 15.
Qa4 Nb6 16. Qxc6 g4 17. Nxe5 Qxd2 18. Rfd1 Qb2 19. a4 Rb8 20. Qxc7 Be6 21. Nd3
Qc2 22. Be5 Bf7 23. Bxg7+ Kxg7 24. Ne5 Qe4 25. Nxf7 Rb7 26. Qg3 Rbxf7 27. Rd4
Qc6 28. hxg4 f4 29. exf4 Nd5 30. f5 Re8 31. Rc1 Rfe7 32. g5 Re4 33. f6+ Kf7 34.
Qh3 Rxd4 35. Qxh7+ Ke6 36. f7 Rf8 37. Qg6+ Kd7 38. Qxc6+ Kxc6 39. cxd4+ Kd7 40.
g6 Ne7 41. Rc5 Nxg6 42. Ra5 Rxf7 43. Rxa6 Ne7 44. Ra7+ Kd6 45. a5 Rf4 46. a6
Rxd4 47. Rb7 Nd5 48. Rb5 Nc7 49. a7 Rd1+ 50. Kh2 Ra1 51. Ra5 Rf1 52. a8=Q Nxa8
53. Rxa8 Rxf2 54. Rd8+ Ke6 55. b5 Rf7 56. Rd2 Rh7+ 57. Kg3 Rg7+ 58. Kf4 Rf7+ 59.
Ke4 Rg7 60. Rb2 Kd7 61. b6 Kc8 62. b7+ Kb8 63. Kf5 Rg3 64. Kf4 Rg8 65. g4 Rf8+
66. Kg3 Rg8 67. Rb4 Rd8 68. g5 Rd1 69. Kg4 Rg1+ 70. Kf5 Rf1+ 71. Ke6 Rg1 72. Kf6
Rf1+ 73. Kg7 Rg1 74. g6 Rh1 75. Kg8 Rg1 76. g7 Rh1 77. Rf4 1-0

[Event "75th ch-ARM 1st League 2014"]
[Site "Yerevan ARM"]
[Date "2014.09.03"]
[Round "13.5"]
[White "Shahinyan, David"]
[Black "Harutyunian, Tigran K."]
[Result "1/2-1/2"]
[WhiteTitle "FM"]
[BlackTitle "IM"]
[WhiteElo "2383"]
[BlackElo "2439"]
[WhiteFideId "13304380"]
[BlackFideId "13303635"]
[EventDate "2014.08.21"]

1. e4 e5 2. Nf3 Nc6 3. Bb5 Nge7 4. O-O g6 5. d4 exd4 6. Nxd4 Bg7 7. Be3 O-O 8.
Nc3 a6 9. Be2 d6 10. Qd2 Re8 11. a4 Nb4 12. Rad1 b6 13. Nd5 Nbxd5 14. exd5 Bd7
15. Bg5 h6 16. Bxe7 Rxe7 17. Nc6 Bxc6 18. dxc6 Bxb2 19. Bc4 Bg7 20. Rfe1 Rxe1+
21. Rxe1 Qf6 22. Qd3 h5 23. g3 h4 24. Kg2 b5 25. axb5 axb5 26. Bb3 Qg5 27. Re4
hxg3 28. hxg3 Bf6 29. Rb4 Ra1 30. Qe3 Qxe3 31. fxe3 Ra5 32. Rf4 Kg7 33. g4 g5
34. Rf5 Ra6 35. Bd5 Ra3 36. Bb3 Ra6 37. Bd5 Ra4 38. Kf3 Kg6 39. Be4 Kg7 40. Rxb5 1/2-1/2

[Event "75th ch-ARM 1st League 2014"]
[Site "Yerevan ARM"]
[Date "2014.09.03"]
[Round "13.6"]
[White "Alaverdyan, Gevorg"]
[Black "Torosyan, Norayr"]
[Result "1/2-1/2"]
[WhiteTitle "FM"]
[WhiteElo "2369"]
[BlackElo "2321"]
[WhiteFideId "13303058"]
[BlackFideId "13300431"]
[EventDate "2014.08.21"]

1. Nf3 Nf6 2. g3 d5 3. Bg2 e6 4. d4 Be7 5. O-O O-O 6. c4 dxc4 7. Ne5 Nc6 8. Nxc6
bxc6 9. Na3 Bxa3 10. bxa3 Nd5 11. Qa4 Nb6 12. Qxc6 Rb8 13. Qc5 Bb7 14. e4 Qd7
15. Bf4 Rbc8 16. Rfd1 Rfd8 17. Rab1 Qa4 18. Rdc1 Qd7 19. Be3 Rb8 20. f3 f5 21.
Rb4 Ra8 22. Qa5 Qf7 23. a4 Qg6 24. Qe5 fxe4 25. fxe4 a5 26. Rb5 Bc6 27. Qxc7
Bxb5 28. axb5 Rab8 29. Bf4 Qf6 30. Be5 Qg5 31. Re1 Nd7 32. Bf4 Qxb5 33. Bh3 Re8
34. d5 Nf8 35. Rd1 Rb7 36. Qc6 exd5 37. exd5 c3 38. Rc1 c2 39. Rxc2 Qb1+ 40. Bc1
Rbe7 41. d6 Re1+ 42. Kf2 Rd1 43. Rd2 Rxd2+ 44. Bxd2 Qxa2 45. Qxe8 Qxd2+ 46. Qe2
Qxd6 1/2-1/2

[Event "75th ch-ARM 1st League 2014"]
[Site "Yerevan ARM"]
[Date "2014.09.03"]
[Round "13.7"]
[White "Harutjunyan, Gevorg"]
[Black "Hayrapetyan, Hovik"]
[Result "1/2-1/2"]
[WhiteTitle "GM"]
[BlackTitle "GM"]
[WhiteElo "2444"]
[BlackElo "2438"]
[WhiteFideId "13300873"]
[BlackFideId "13302639"]
[EventDate "2014.08.21"]

1. e4 c5 2. Nf3 e6 3. d4 cxd4 4. Nxd4 a6 5. Nc3 Qc7 6. Qf3 Nc6 7. Be3 Nf6 8.
O-O-O Be7 9. Be2 d6 10. Qg3 O-O 11. f4 Kh8 12. Bf3 e5 13. Nf5 Bxf5 14. exf5 Rac8
15. Kb1 b5 16. Qf2 b4 17. Nd5 Nxd5 18. Bxd5 exf4 19. Bxf4 Ne5 20. Rd4 a5 21. Be3
Rfe8 22. Rhd1 Bf6 23. g4 Qe7 24. Bc1 Bh4 25. Qg2 h6 26. Bb3 Red8 27. Rd5 Nc4 28.
Qh3 Bg5 29. f6 Bxf6 30. g5 Be5 31. gxh6 g6 32. Qf1 Nb6 33. Rxa5 Rc7 34. Rb5 Nc8
35. Qe1 Rf8 36. h4 f5 37. Bg5 Bf6 38. Qxe7 Rxe7 39. Rxb4 Bxg5 40. hxg5 f4 41.
Rb8 f3 42. Bc4 f2 43. Kc1 Re1 44. Bf1 Rfe8 45. a4 Kh7 46. Rb7+ Kh8 47. Rf7 Rxf1
48. Rxf1 Re1+ 49. Kd2 Rxf1 50. Ke3 Nb6 51. b3 Nd5+ 52. Ke2 Rc1 53. Kxf2 Rxc2+
54. Kf3 Rc3+ 55. Ke4 Nb4 56. Rf8+ Kh7 57. Rf7+ Kh8 58. Rg7 d5+ 59. Kd4 Rxb3 60.
Rxg6 Ra3 61. Rd6 Rxa4 62. g6 Ra8 63. Rb6 Nc2+ 64. Ke5 Ne3 65. Rb7 Ng4+ 66. Kf5
Nxh6+ 67. Kg5 Rd8 68. Kxh6 d4 69. Rh7+ Kg8 1/2-1/2